[Event "FTX Crypto Cup KO"]
[Site "chess24.com INT"]
[Date "2021.05.31"]
[Round "3.33"]
[White "Carlsen, Magnus"]
[Black "So, Wesley"]
[Result "1-0"]
[WhiteElo "2847"]
[BlackElo "2770"]
[Annotator "King"]
[PlyCount "87"]
[EventDate "2021.05.26"]
[EventType "k.o. (rapid)"]
[EventRounds "3"]
[EventCountry "GER"]
[SourceTitle "CL 08.2021"]
[SourceDate "2021.08.01"]
[SourceVersion "1"]
[SourceVersionDate "2021.08.01"]
[SourceQuality "1"]

1. e4 e5 2. Nf3 Nc6 3. Bc4 Nf6 4. d3 Bc5 5. O-O h6 6. c3 O-O 7. b4 Bb6 8. a4 a6
9. Nbd2 d6 10. Re1 Ne7 11. d4 exd4 12. cxd4 d5 $6 {A typical operation to
break up White's central majority, but here So overlooked Carlsen's strong
reply:} 13. e5 $1 {Black cannot afford to allow 14.exf6 shattering his
kingside structure, so he must retreat and allow White to maintain his strong
center. Here So could be seen shaking his head in frustration and muttering to
himself.} Nh5 14. Bf1 Nf4 15. Nb3 Neg6 16. a5 $1 {White's space advantage will
encompass the entire board.} Ba7 17. Bxf4 $1 {Carlsen is not worried about
losing dark-square influence, since Black will soon be compelled to trade off
his own dark-squared bishop.} Nxf4 18. Qd2 Ng6 19. Nc5 $1 {So cannot leave
this strong piece here forever, but capturing it will further open the
queenside.} f6 $2 {Making things worse by weakening the kingside light squares.
} 20. Bd3 $1 f5 21. Bc2 Re8 22. g3 Bxc5 23. bxc5 {Now the b7-pawn is a
permanent target.} Be6 24. Rab1 Rb8 25. Re3 Ne7 26. Reb3 Qc8 27. Nh4 Rf8 {
Black's pieces are hopelessly passive, and White can improve his position at
his leisure. In addition, Carlsen was still ahead thirty seconds on the clock.}
28. Ng2 Bd7 29. h4 Ba4 30. R3b2 Bxc2 31. Qxc2 $2 {[#] Carlsen premoved this,
but in fact it is a mistake that lets Black back in the game.} ({Correct was} 
31. Rxc2 $1 {so that} f4 {can be safely met with} 32. Nxf4) 31... Nc6 $2 {
With only a minute left on the clock, So misses a chance to throw a wrench in
the works.} ({He probably wasn't sure about} 31... f4 $1 32. Nxf4 $2 ({Better
is} 32. gxf4 {but} Qg4 $1 {still gives Black reasonable practical chances.})
32... Rxf4 $1 33. gxf4 {but in fact this works quite well for Black:} Qg4+ 34.
Kf1 Rf8 $1 {and White has completely lost control of the position.}) 32. Qc3 g5
{Too little, too late.} ({Now} 32... f4 33. Nxf4 Rxf4 34. gxf4 Qg4+ {can be
met with} 35. Qg3 $1 {repelling Black's attack.}) 33. hxg5 hxg5 34. f4 $1 {
Stifling Black's counterplay.} Kg7 35. Kf2 Rh8 36. fxg5 Rh2 37. Qf3 Nxd4 38.
Qxd5 Nc6 39. e6 Qd8 40. Qd7+ Qxd7 41. exd7 Rd8 42. Rd2 Ne5 43. Rxb7 Kg6 44.
Rxc7 1-0

[Event "Chicago Open"]
[Site "?"]
[Date "2021.05.28"]
[Round "3"]
[White "Schmakel, Sam"]
[Black "Swiercz, Dariusz"]
[Result "0-1"]
[WhiteElo "2490"]
[BlackElo "2733"]
[Annotator "Griffith"]
[PlyCount "96"]
[EventDate "2021.??.??"]
[SourceTitle "CL 08.2021"]
[SourceDate "2021.08.01"]
[SourceVersion "1"]
[SourceVersionDate "2021.08.01"]
[SourceQuality "1"]

{[%evp 0,96,18,27,57,47,44,-10,19,14,12,18,9,-12,3,-6,20,15,19,-10,-30,56,56,
56,56,56,48,23,35,31,65,44,38,8,13,20,35,52,37,31,38,34,26,24,26,5,-9,-8,4,-5,
-12,-20,-27,-24,-25,-21,0,-35,-35,-114,-140,-153,-153,-153,-153,-153,-153,-156,
-122,-120,-109,-106,-106,-113,-113,-113,-98,-90,-78,-165,-165,-195,-190,-170,
-165,-182,-176,-169,-310,-383,-445,-536,-623,-683,-705,-1040,-1040,-830,-972]} 
1. e4 c5 2. Nf3 Nc6 3. d4 cxd4 4. Nxd4 e5 5. Nb5 d6 6. N1c3 a6 7. Na3 Be6 {
A sideline of the Sveshnikov Sicilian. Black typically plays 7...b5 here and
white has many options (see the latest Caruana-Carlsen world championship
match for many examples). Swiercz may have been interested in avoiding the
heavily trodden main lines against his lower-rated opponent.} 8. Nc4 Rb8 9. Be3
$5 {A bit of a counterintuitive move. White will typically maneuver the
c4-knight to e3 and solidify control over the central light squares. Perhaps
Schmakel had a specific idea in mind since natural moves for Black lead to an
edge for White. Black is able to play ...b7-b5 and drive the white knight to
the unfavorable d2-square, but at the same time the b5 pawn becomes a
potential liability.} b5 10. Nd2 Nf6 11. a4 $1 b4 12. Nd5 Nxd5 13. exd5 Bxd5
14. Bxa6 {White has traded his e4-pawn for Black’s a6-pawn, ensures that the
white a-pawn will always remain a threat.} Be7 ({Black cannot touch the g2
pawn as after} 14... Bxg2 15. Rg1 Bd5 16. Nc4 Be6 17. Bb5 {Black is busted.})
15. Nb3 Be6 16. a5 $6 ({A better version of the same idea is found after} 16.
Bb5 Qc7 17. Qf3 Rc8 18. a5 {when Black remains under significant pressure.})
16... O-O 17. O-O d5 18. Bb6 {[#]} Rxb6 $1 {Black doesn’t need to be asked
twice. In one fell swoop, he eliminates the dangerous a-pawn, gains the bishop
pair, and enjoys long term prospects in the center. And only at the cost of
one point of material!} 19. axb6 Qxb6 20. Be2 e4 21. Ra6 Qc7 22. Qa1 Bf6 23.
Ra8 Nd4 24. Rxf8+ Kxf8 25. Nxd4 Bxd4 26. Qa8+ Ke7 27. Qa4 Qc5 28. Qb3 g6 29.
Kh1 Bxf2 30. c3 d4 31. cxd4 Bxb3 32. dxc5 Bxc5 33. g4 Be6 {[#] The grandmaster
has liquidated into an endgame with technically equal material, but by this
point both players likely knew it was hopeless for white. Black will soon play
...f7-f5 and the f- and e-pawns will be impossible to stop.} 34. Bc4 f5 35.
Bxe6 Kxe6 36. gxf5+ gxf5 37. Kg2 Bd4 38. b3 Ke5 39. Kg3 Bc3 40. Rd1 f4+ 41. Kg2
Bd4 42. h3 h6 43. Rc1 Bc3 44. Rd1 h5 45. Rd8 f3+ 46. Kf2 Bd4+ 47. Ke1 e3 48.
Re8+ Kf4 0-1

[Event "Chicago Open"]
[Site "?"]
[Date "2021.05.31"]
[Round "2"]
[White "Liang, Awonder"]
[Black "Williams, Justus"]
[Result "0-1"]
[WhiteElo "2679"]
[BlackElo "2439"]
[Annotator "Griffith"]
[PlyCount "86"]
[EventDate "2021.??.??"]
[SourceTitle "CL 08.2021"]
[SourceDate "2021.08.01"]
[SourceVersion "1"]
[SourceVersionDate "2021.08.01"]
[SourceQuality "1"]

1. e4 c5 2. Nf3 d6 3. Bb5+ {The Moscow variation is one of dozens of venomous
sidelines that Sicilian players must know like the back of their hand.
Williams’ choice has long been considered the most testing try for Black.}
Nd7 4. d4 cxd4 5. Qxd4 e6 $5 {Quite a rare move. Typically Black will continue
with 5…a6 and force White to commit with the bishop before deciding how to
develop.} 6. Bg5 Qc7 7. Nc3 a6 8. Bxd7+ Bxd7 9. O-O-O Rc8 10. Kb1 e5 11. Qd3
Be6 12. Nd2 h6 13. Bh4 b5 {[#] Black has gotten his queenside play rolling
quickly, but at the cost of his kingside development.} 14. f4 $5 {White
decides that he needs to strike while the black king is still a few moves away
from castling.} exf4 15. Nd5 Bxd5 16. exd5 Be7 17. Rde1 Kf8 $1 {Black’s best
move, and by a large margin. The position remains dynamically equal, but it is
White who needs to prove compensation for the pawn.} ({There will not be time
to castle since} 17... Nf6 18. Bxf6 gxf6 {is positional suicide.}) 18. Bf2 Bf6
19. g3 Ne7 20. Ne4 Nxd5 21. Nxf6 Nxf6 22. Bd4 Qc4 23. Qd2 f3 24. b3 Qc6 25. Qd3
d5 {[#]} 26. Rhf1 $6 {Natural, but incorrect. Now Black’s knight comes to
the e4-square and will tie down nearly all of White’s pieces.} ({The best
move was eliminating the knight with} 26. Bxf6 {.}) 26... Ne4 27. Rxf3 f6 $1
28. h4 Kf7 29. g4 Rhe8 30. Ref1 Re6 {White is not only a pawn down, but has
also been completely stymied by the black knight on e4, the dark square pawn
blockade, and the pressure on the c2-square. Now White blunders material here,
but the situation was already dire, and Williams finished the game off in fine
style.} 31. Rf5 $2 Ng3 32. g5 ({Liang may have missed} 32. Qxg3 Qxc2+ 33. Ka1
Re2 $1 {when he is reduced to spite checks before getting mated.}) 32... Nxf5
33. Qxf5 Re4 34. c3 Qe6 35. gxf6 Re1+ 36. Kb2 Rxf1 37. Qxf1 gxf6 38. Qf4 h5 39.
Ka3 a5 40. Qf2 Rg8 41. b4 axb4+ 42. Kxb4 Qc6 43. Be5 Ra8 0-1

[Event "Chicago Open"]
[Site "?"]
[Date "2021.05.29"]
[Round "4"]
[White "Swiercz, Dariusz"]
[Black "Repka, Christopher"]
[Result "1-0"]
[WhiteElo "2733"]
[BlackElo "2579"]
[Annotator "Griffith"]
[PlyCount "87"]
[EventDate "2021.??.??"]
[SourceTitle "CL 08.2021"]
[SourceDate "2021.08.01"]
[SourceVersion "1"]
[SourceVersionDate "2021.08.01"]
[SourceQuality "1"]

1. c4 Nf6 2. Nf3 e6 3. d4 d5 4. Nc3 c5 5. cxd5 Nxd5 6. e4 Nxc3 7. bxc3 cxd4 8.
cxd4 Bb4+ 9. Bd2 Bxd2+ 10. Qxd2 O-O 11. Bc4 Nd7 12. O-O b6 13. Rfe1 Bb7 14.
Rad1 Rc8 15. Bb3 {[#] This position has been reached well over 300 times
according to my database. White has a slight edge due to the extra space and
mobility of the central pawns. White will typically try to engineer a d4-d5
push to blow open the center of the board. It won't be easy, though - the
black position is ultra-solid.} h6 16. Re3 Qf6 17. Qe2 Qf4 18. d5 Nc5 19. Nd4
Nxb3 20. axb3 Rfd8 21. g3 Qe5 22. f4 Qd6 {[#]} 23. f5 $5 e5 {After the game
continuation, the somewhat closed position tends to favor the knight over the
bishop, although here the knight is slightly lacking in active outposts. White
also secures himself protected passer on the d-file, although Black controls
the c-file in exchange.} ({This essentially forces Repka to lock the center.
Black is not advised to take either pawn:} 23... exf5 24. Nxf5 {leaves White
with a tremendous knight, and}) (23... exd5 $2 24. e5 $1 {is completely
winning for White.}) 24. Nf3 Rc7 25. g4 Rdc8 26. h4 Rc2 27. Rd2 Rc1+ 28. Kg2 f6
29. Qf2 Ba6 30. Ra2 $6 ({White begins drifting a bit. Correct is the immediate
} 30. g5 $1 {and while the engine gives an equal evaluation, it seems that it
is Black who is under pressure and needs to prove the draw.}) 30... Bb5 31. Re1
R1c3 32. Re3 Qb4 33. Rxc3 Rxc3 34. Rc2 Rxb3 35. Nd2 Rd3 36. g5 {[#] Swiercz is
in dire straits, down a pawn with nothing to show for it. In fact the white
king seems to be just as unsafe as the black one!} Ba4 $2 ({Better was} 36...
hxg5 37. hxg5 fxg5 $1 {, ensuring the king a safe haven on f6 in case of rook
checks.}) 37. Rc8+ Kf7 38. Nc4 Ke7 39. d6+ Kd7 40. Rc7+ Kd8 41. Rxa7 Bc6 $2 42.
Rxg7 $2 (42. Qa2 {, either here or on move 44, wins easily.}) 42... Bxe4+ 43.
Kh2 hxg5 44. hxg5 $2 {[#]} ({After} 44. hxg5 $2 {Black resigned (or maybe ran
out of time). The computer gives a 0.00 evaluation, but Repka would have had
to find an inhuman defense to hold the position:} Rd4 45. gxf6 $1 ({not} 45.
Qh4 $4 Rd2+ {when mate can't be avoided}) 45... Bd5 $3 {and incredibly, the
position reaches a draw by force after} 46. Nxe5 Rd2 47. Rd7+ Ke8 (47... Kc8
48. Rc7+ Kb8 $4 49. Nd7+ Ka8 50. Nxb6+ Kb8 51. Nd7+ Ka8 52. Ra7#) 48. Re7+ Kd8
(48... Kf8 $4 49. Ng6+ Kg8 50. Rg7#)) 1-0

[Event "Chicago Open u2300"]
[Site "?"]
[Date "2021.05.31"]
[Round "7"]
[White "Zinski, Max"]
[Black "Denby, Caleb"]
[Result "0-1"]
[WhiteElo "2201"]
[BlackElo "2228"]
[Annotator "Griffith"]
[PlyCount "149"]
[EventDate "2021.??.??"]
[SourceTitle "CL 08.2021"]
[SourceDate "2021.08.01"]
[SourceVersion "1"]
[SourceVersionDate "2021.08.01"]
[SourceQuality "1"]

1. e4 c6 2. Nc3 d5 3. Nf3 Nf6 4. e5 Ne4 5. Nxe4 dxe4 6. Ng5 Qd5 7. d4 exd3 8.
Bxd3 Qxe5+ 9. Be3 Nd7 {[#] After a rare variation of the Two Knights Caro-Kann
the players have reached a highly combative position. Black has snatched a
pawn in the center, but White has a substantial lead in development and easy
play.} ({Greed does not pay off after} 9... Qxb2 $6 10. O-O {when White's
development gives him a huge advantage.}) 10. Qe2 $5 ({The simple} 10. O-O {
followed by Rf1-e1 was also good.}) 10... Nf6 11. f4 Qa5+ 12. Bd2 Qc5 13. Bc4
e6 14. O-O-O Be7 15. a3 $5 {An interesting idea, with the idea of playing
Bd2-b4.} Nd5 16. f5 Bxg5 17. Bxg5 O-O 18. Bxd5 {Perhaps not an outright
blunder, but I feel that White’s position goes from pleasant to "tough to
play" after this transformation.} exd5 19. f6 Bf5 $1 {Black correctly assesses
that f6xg7 is never scary for him, and that counterplay in the center will be
far more important.} 20. Rhe1 d4 21. fxg7 $2 {Now White is in a lot of trouble,
but the tide was already turning rapidly.} Rfe8 $1 22. Qxe8+ Rxe8 23. Rxe8+
Kxg7 24. Rd2 {[#] Black is better due to the attacking prospects of his queen
and light squared bishop.} d3 $1 25. Be3 Qc4 26. Re5 Bg6 27. Rc5 Qe4 $6 ({
Perhaps better to play} 27... Qe6 {here.}) 28. Rxd3 Qxg2 29. Rd1 Qxh2 30. Bd4+
Kf8 31. Be5 Qf2 32. Bd6+ Kg7 33. Rc3 Qe2 34. Bc5 a6 35. b3 h5 36. Bd4+ f6 37.
Rd2 Qe1+ 38. Rd1 Qe4 39. Rc4 Qf3 40. Rc3 Qf4+ 41. Be3 Qg4 42. Rg1 Qe4 43. Kb2
h4 44. Ba7 Qe5 45. Rh1 {[#] In this position Black has all the winning chances;
in fact, he has a winning shot here which he finds a move later. Now Denby
finishes off the game with a rare endgame pawn storm, lethally compromising
the safety of the white king.} Bf5 $6 46. Rxh4 Bxc2 $1 {Black spots it on the
second attempt.} 47. Bd4 Qg5 48. Rh1 Qd5 49. Rg1+ Bg6 50. Be3 a5 $1 {Now the
game gets very messy, with the evaluation swinging back and forth. Denby pulls
the win out after a long struggle.} 51. a4 b5 $1 52. axb5 cxb5 53. Rc7+ Kf8 54.
Bh6+ Ke8 55. Re1+ Be4 56. Rcc1 Qd4+ 57. Ka2 f5 58. Be3 Qd3 59. Kb2 b4 60. Rc8+
Kf7 61. Rc7+ Ke6 62. Bf4 Qd4+ 63. Kc1 Qa1+ 64. Kd2 Qb2+ 65. Ke3 Qxb3+ 66. Kd2
a4 67. Rg1 Qb2+ 68. Ke3 Qb3+ 69. Kd2 Kd5 70. Rg6 Qb2+ 71. Ke1 Bd3 72. Rd6+ Ke4
73. Bd2 Qe5 74. Bf4 Kxf4+ 75. Kd2 0-1

[Event "Vezerkepzo GM Mix 2021"]
[Site "Budapest HUN"]
[Date "2021.06.24"]
[Round "1.3"]
[White "Mishra, Abhimanyu"]
[Black "Juhasz, Agoston"]
[Result "1-0"]
[WhiteElo "2485"]
[BlackElo "2362"]
[Annotator "Watson"]
[PlyCount "89"]
[EventDate "2021.06.24"]
[EventType "swiss"]
[EventRounds "9"]
[EventCountry "HUN"]
[SourceTitle "CL 08.2021"]
[SourceDate "2021.08.01"]
[SourceVersion "1"]
[SourceVersionDate "2021.08.01"]
[SourceQuality "1"]

{The following game is an example of in-depth preparation combined with
persistently aggressive play.} 1. d4 Nf6 2. c4 g6 3. Nc3 d5 4. Nf3 Bg7 5. Qb3 {
The Russian System never goes completely out of favour against the Grunfeld.}
dxc4 6. Qxc4 O-O 7. e4 a6 8. Be2 {This leads to less forcing play than} (8. e5)
8... b5 9. Qb3 c5 10. dxc5 Bb7 (10... Be6 {is a popular alternative here,
tested in many high-level encounters.}) 11. e5 Nfd7 12. Be3 e6 {Played more
often than} (12... Nxe5 {in recent years, although that move also scores
reasonably well.}) 13. O-O Qc7 14. Rad1 (14. a4 {is more popular, but White
has an original idea in mind.}) 14... Nxc5 15. Qa3 Ncd7 16. Qe7 Rc8 {All known
theory; Black intends ...Nxe5.} ({A recent game went} 16... Qc8 17. a4 bxa4 (
17... Nxe5 $5) 18. Nxa4 Bc6 19. Qh4 Qb7 20. Ng5 h6 21. Nf3 h5 {Hakemi,A (2316)
-Mosadeghpour,M (2498) Teheran 2021, and here} 22. Ng5 $1 Bxe5 (22... Nxe5 23.
Bxh5 $1) 23. Nc5 Nxc5 24. Bxc5 {has the idea} Re8 $2 25. Bxh5 $1 gxh5 26. Qxh5
Be4 27. Nxe4 Qxe4 28. Rfe1 {, etc.}) 17. Ne4 $1 {A new idea which guarantees
lasting complications; this is deep and practical preparation on Mishra's part.
} (17. a4 bxa4 {and}) (17. Ng5 Nf8 $1 {are known continuations which have been
satisfactory for Black in practice.}) 17... Qd8 $1 {This insightful move
solves the main problems in Black's position and guarantees that White's
e-pawn will fall.} ({White's first point is that} 17... Bxe4 $2 18. Ng5 {
has no good reply:} Nf8 (18... Rf8 19. Nxe4 Bxe5 20. Bf3 $1 Bxh2+ 21. Kh1 {
with too many threats}) 19. Qxc7 Rxc7 20. Nxe4 $16 {with the idea} Bxe5 $2 (
20... Nc6 21. f4) 21. Rd8 Kg7 22. f4 $1 Bxb2 23. Nd6 {, winning.}) 18. Qxd8+
Rxd8 19. Bg5 Rf8 20. Nd6 {This has the double threat of Nxb7 and Be7. White
will win the exchange, although Black has correctly realized that he will have
decent counterplay.} (20. Nf6+ Bxf6 21. exf6 {is a reasonable option, with
slightly better chances for White}) 20... Bd5 21. Be7 Nc6 $5 {It's very hard
to react to new problems over the board.} (21... Nxe5 22. Bxf8 Kxf8 {is a
little easier, when Black has a pawn and bishop pair for the exchange. Then}
23. a4 Nxf3+ 24. Bxf3 Bxf3 25. gxf3 Bxb2 26. axb5 axb5 27. Nxb5 Nc6 $11 {
might follow.}) 22. Bxf8 Nxf8 $2 (22... Kxf8 $1 {is correct. Then} 23. Ne4 $1
Ndxe5 24. Nxe5 Bxe5 (24... Nxe5 25. Nc5 $1) 25. Nc3 Bxc3 26. bxc3 Rc8 {should
be fine for Black, but this wasn't easy to foresee.}) 23. Ng5 $5 ({Tricky and
ambitious, in Mishra's style. In fact,} 23. Rc1 $1 Nxe5 24. Nxe5 Bxe5 25. Nc8
$1 {with the idea of Ne7+ or Nb6 is very difficult for Black, for example,}
Bxb2 26. Ne7+ Kg7 27. Nxd5 exd5 28. Rc2 Bf6 29. Rfc1 {, when White has all the
chances.}) 23... Nxe5 24. f4 Nc4 25. Bxc4 $6 {Again, Mishra chooses the most
ambitious route, trying to sweep up the f-pawn and then swing a knight to e5.}
({Objectively,} 25. Nxc4 bxc4 (25... Bxc4 $2 26. Bxc4 bxc4 27. Rf2) 26. Bf3 $14
{was better, when} Bxf3 27. Nxf3 Bxb2 28. Rf2 c3 29. Ne5 $1 {isn't clear, but
leaves White with the better chances.}) 25... bxc4 26. Ngxf7 Bxb2 $1 {Black's
strong passed c-pawn makes up for his material deficit.} 27. Ne5 c3 28. Ndc4 {
A nice reorganization.} Rb8 $2 {This seems promising, but Black needed to
regain his material immediately by} (28... Bxc4 $1 29. Nxc4 c2 30. Nxb2 cxd1=Q
31. Rxd1 Rc8 $11) 29. Rf2 $1 {Well calculated. White threatening Nxb2 followed
by Rb1. Suddenly the pawn is blockaded and White's knights are as good as
Black's bishops.} Be4 30. Nd3 Bxd3 31. Rxd3 Rc8 {[#]} 32. Ne3 $1 {Mishra
doubtless saw this many moves in advance. Black had been counting upon} (32.
Nxb2 $2 c2 $1 33. Rxc2 Rxc2 34. Rb3 Nd7 $11) 32... Rc5 33. Rc2 e5 {There's
nothing better, for example,} (33... Ra5 34. Nd1 $1 Rxa2 35. Nxc3 Ra1+ 36. Kf2
{will win for White, and slow play such as}) (33... a5 34. Rd4 Kg7 35. Rc4 Rb5
36. Nd1 {is also hopeless.}) 34. Rd5 $1 Ne6 35. Rxc5 Nxc5 36. Nd1 Nd3 (36...
Na4 37. fxe5 Kf7 38. Kf2 Ke6 39. Ke2 Kxe5 40. Kd3 Kd5 41. Rf2 $1 {and White's
rook penetrates.}) 37. Nxc3 exf4 38. Rd2 Bxc3 39. Rxd3 Bb4 40. Kf1 g5 41. Rd7
a5 42. Ke2 g4 43. Rd4 f3+ 44. gxf3 gxf3+ 45. Kxf3 {In this game, Mishra's
preparation and superior calculation in the critical position led to victory.}
1-0